000 00431nam a2200181Ia 4500
008 230711s9999||||xx |||||||||||||| ||und||
020 _a978-81-317-0481-3
041 _aENG
082 _a547
_bBA-O
100 _aMorrison, Robert Thornton
245 0 _aOrganic Chemistry
250 _a7th Ed.
260 _c2011
_aNew Delhi
_bPearson
300 _a1492p.
650 _aChemistry
700 _aBoyd,Robert Neilson
942 _cBK
999 _c9837
_d9837